Petzi em viagem (Registo nº 1805)
[ vista simples ]
| 000 -Etiqueta do registo | |
|---|---|
| Cabeçalho | 00871nam a22002891 4500 |
| 005 - Identificador da versão | |
| Campo de controlo | 20240813121916.0 |
| 095 ## - | |
| -- | 57846 |
| 021 ## - Número do Depósito Legal | |
| Código do país | PT |
| Número | 53201/92 |
| 100 ## - Dados gerais de processamento | |
| Dados gerais de processamento | 20070511d1992 ce y1pory500305 ba |
| 102 ## - Pais de publicação ou produção | |
| País de publicação | Portugal |
| 101 1# - Língua de publicação | |
| Língua do texto, banda sonora, etc. | Português |
| 105 ## - Campo de dados codificados: livros | |
| Dados codificados dos livros | a t 000ay |
| 215 ## - Descrição física | |
| Indicação específica da natureza do documento e extensão da espécie | [32] p. |
| Outras indicações físicas | todo il. |
| Dimensões | 24 cm |
| 200 1# - Titulo e menção de responsabilidade | |
| Título próprio | Petzi em viagem |
| Primeira menção de responsabilidade | texto e il. de Carla e Volhelm Hansen |
| Outras menções de responsabilidade | trad. Isabel Simões dos Santos |
| 225 2# - Colecção | |
| Título próprio da colecção | Petzi |
| Indicação de volume | 10 |
| 210 ## - Publicação, Distribuição, etc. | |
| Lugar da edição, distribuição, etc. | [Lisboa] |
| Nome do editor, distribuidor, etc. | Difusão Verbo |
| Data da publicação, distribuição, etc. | imp. 1992 |
| 606 ## - Nome comum usado como assunto | |
| Número de registo de entrada de autoridade | 0000243 |
| Palavra de ordem | Literatura estrangeira infantil |
| Subdivisão de assunto | Banda desenhada |
| 675 ## - Classificação Decimal Universal (CDU) | |
| Notação | 82-9 |
| Edição | 2ª |
| Língua da edição | por |
| 702 #1 - Nome de autor-pessoa física (responsabilidade secundária) | |
| Número de registo de entrada de autoridade | 0000322 |
| Palavra de ordem | Viana |
| Outra parte do nome não tomada para palavra de ordem | António Manuel Couto |
| Datas | 1923- |
| Código de função | Tradutor |
| 701 #1 - Nome de autor-pessoa física (co-responsabilidade principal) | |
| Palavra de ordem | Hansen |
| Outra parte do nome não tomada para palavra de ordem | Vilhelm |
| Código de função | Autor / Co-autor |
| 700 #1 - Nome de autor-pessoa física (responsabilidade principal) | |
| Número de registo de entrada de autoridade | 0000319 |
| Palavra de ordem | Hansen |
| Outra parte do nome não tomada para palavra de ordem | Carla |
| 942 ## - Elementos de entrada adicionados (Koha) | |
| Tipo de item no Koha | Livro |
| Situação do levantamento | Origin of item (home branch) (coded) | Biblioteca de empréstimo | Código de barras | Cota | Circulation type (not for loan) | Tipo de documento | Nota do exemplar | Damaged status |
|---|---|---|---|---|---|---|---|---|
| Biblioteca Escolar da Coca Maravilhas | Biblioteca Escolar da Coca Maravilhas | BECM1619/93 | 8BD PET | Livro | Sem mensagem |
